000 00769nam a22002177a 4500
005 20130827142413.0
008 110328t xxu||||| |||| 00| 0 mar d
010 _aMAR-23536
020 _c100.00
_a9788174345950
035 _aMR-16194
037 _bDBAD / PUB
040 _aDPL
_bMR
082 _a500
100 _aतांबे,राजीव
_926802
245 _aगंमत शाळा /
_cराजीव तांबे
246 _aGammt Shala
_bby Rajeev Tambe
260 _aपुणे
_bराजहंस प्रकाशन
_c2011
270 _a1025, सदाशिव पेठ
_bपुणे
_e411030
300 _aभा.2,122पृ
_c22सेमी (अजिल्द)
942 _2ddc
_cMR
_h500
_mतांबेरा
999 _c78856
_d78856